Estate surveying
| Main Author: | |
|---|---|
| Format: | Book |
| Published: |
Kuala Lumpur :
The Incorporated Society of Planters ,
1982
|
| Edition: | Rev. ed. |
| Subjects: |
MARC
| LEADER | 00000cam a2200000 7i4500 | ||
|---|---|---|---|
| 001 | 0000000342 | ||
| 005 | 20000802.0 | ||
| 090 | 0 | 0 | |a 526.3 |b PER 1982 |
| 100 | 1 | 0 | |a PERKINS |h R. B. |
| 245 | 1 | 0 | |a Estate surveying |c R. B. Perkins |
| 250 | 0 | 0 | |a Rev. ed. |
| 260 | 0 | 0 | |a Kuala Lumpur : |b The Incorporated Society of Planters , |c 1982 |
| 300 | |a 208 p. : |b ill. ; |c 26 cm. | ||
| 500 | 0 | 0 | |a Includes index |
| 650 | 0 | 0 | |a Surveying |
| 999 | |a 0000001065 |b Monograph |c Open Shelf |e Default branch | ||